[Event "10th LCC FIDE Open 2018"]
[Site "London"]
[Date "2018.12.15"]
[Round "8"]
[White "Istratescu, Andrei"]
[Black "Ghasi, Ameet K"]
[Result "1/2-1/2"]
[WhiteElo "2564"]
[BlackElo "2498"]
[Annotator "ChessBase"]
[PlyCount "138"]
[EventDate "2018.12.09"]
[EventType "swiss"]
[EventCountry "ENG"]
[SourceTitle "playchess.com"]
[Source "ChessBase"]
[SourceQuality "1"]
[TimeControl "40/5400+30:1800+30"]

1. e4 {[%emt 0:00:00]} d6 {[%emt 0:09:22]} 2. d4 {[%emt 0:00:41]} Nf6 {[%emt 0:00:04]} 3. f3 {[%emt 0:00:08]} c5 {[%emt 0:01:10]} 4. d5 {[%emt 0:04:39]} e6 {[%emt 0:00:26]} 5. c4 {[%emt 0:00:05]} exd5 {[%emt 0:00:13]} 6. cxd5 {[%emt 0:00:04]} Be7 {[%emt 0:00:04]} 7. Nc3 {[%emt 0:03:28]} O-O {[%emt 0:01:21]} 8. Be3 {[%emt 0:01:18]} Ne8 {[%emt 0:05:54]} 9. f4 {[%emt 0:09:41]} Bf6 {[%emt 0:04:36]} 10. Nge2 {[%emt 0:04:57]} Nc7 {[%emt 0:19:33]} 11. Qd2 {[%emt 0:05:44]} Nd7 {[%emt 0:02:38]} 12. Ng3 {[%emt 0:03:07]} Re8 {[%emt 0:02:28]} 13. Be2 {[%emt 0:05:58]} Bxc3 {[%emt 0:11:33]} 14. bxc3 {[%emt 0:00:11]} Nf6 {[%emt 0:00:37]} 15. Bf3 {[%emt 0:01:27]} h5 {[%emt 0:01:13]} 16. h4 {[%emt 0:05:41]} Bg4 {[%emt 0:04:38]} 17. Kf2 {[%emt 0:02:28]} Qd7 {[%emt 0:10:55]} 18. a4 {[%emt 0:09:53]} b5 {[%emt 0:02:59]} 19. f5 {[%emt 0:02:00]} Re7 {[%emt 0:00:49]} 20. Bg5 {[%emt 0:01:53]} Nce8 {[%emt 0:00:11]} 21. axb5 {[%emt 0:01:34]} Qxb5 {[%emt 0:00:05]} 22. Rhb1 {[%emt 0:03:17]} Qd7 {[%emt 0:06:12]} 23. Ra6 {[%emt 0:03:47]} Re5 {[%emt 0:00:23]} 24. Kg1 {[%emt 0:01:19]} Kh7 {[%emt 0:01:50]} 25. c4 {[%emt 0:01:01]} Rc8 {[%emt 0:06:03]} 26. Qb2 {[%emt 0:01:46]} Re7 {[%emt 0:00:15]} 27. Bf4 {[%emt 0:07:35]} Qd8 {[%emt 0:00:01]} 28. Qc3 {[%emt 0:01:45]} Rb8 {[%emt 0:01:45]} 29. Re1 {[%emt 0:01:29]} Rb6 {[%emt 0:02:02]} 30. Rxb6 {[%emt 0:01:47]} Qxb6 {[%emt 0:00:16]} 31. Bxg4 {[%emt 0:01:56]} Nxg4 {[%emt 0:02:46]} 32. Nxh5 {[%emt 0:00:46]} Qb4 {[%emt 0:00:05]} 33. Qxb4 {[%emt 0:03:41]} cxb4 {[%emt 0:00:01]} 34. c5 {[%emt 0:00:06]} dxc5 {[%emt 0:02:22]} 35. d6 {[%emt 0:00:16]} Rd7 {[%emt 0:00:55]} 36. e5 {[%emt 0:00:11]} b3 {[%emt 0:00:21]} 37. e6 {[%emt 0:02:37]} fxe6 {[%emt 0:00:01]} 38. fxe6 {[%emt 0:00:02]} Rxd6 {[%emt 0:00:08]} 39. Bxd6 {[%emt 0:00:03]} Nxd6 {[%emt 0:00:01]} 40. Nf4 {[%emt 0:00:14]} Nf6 {[%emt 0:02:17]} 41. g4 {[%emt 0:35:44]} Nxg4 {[%emt 0:19:57]} 42. Nd5 {[%emt 0:00:00]} c4 {[%emt 0:02:14]} 43. e7 {[%emt 0:00:00]} Nf6 {[%emt 0:09:06]} 44. Nxf6+ {[%emt 0:00:00]} gxf6 {[%emt 0:00:01]} 45. Kf2 {[%emt 0:00:00]} Kg6 {[%emt 0:00:34]} 46. Ke3 {[%emt 0:00:00]} Kf7 {[%emt 0:00:07]} 47. Kd2 {[%emt 0:00:00]} f5 {[%emt 0:00:09]} 48. Kc3 {[%emt 0:00:00]} Ne4+ {[%emt 0:00:36]} 49. Kxc4 {[%emt 0:00:00]} b2 {[%emt 0:00:09]} 50. Kd4 {[%emt 0:00:00]} Kxe7 {[%emt 0:00:42]} 51. Rb1 {[%emt 0:00:00]} Nd2 {[%emt 0:00:10]} 52. Rxb2 {[%emt 0:00:00]} Nf3+ {[%emt 0:00:04]} 53. Kd5 {[%emt 0:00:00]} Nxh4 {[%emt 0:02:27]} 54. Ke5 {[%emt 0:00:00]} Ng6+ {[%emt 0:00:04]} 55. Kxf5 {[%emt 0:00:00]} Nf8 {[%emt 0:00:03]} 56. Ra2 {[%emt 0:00:00]} Nd7 {[%emt 0:00:16]} 57. Ra6 {[%emt 0:00:00]} Nc5 {[%emt 0:00:02]} 58. Rh6 {[%emt 0:00:00]} a5 {[%emt 0:00:15]} 59. Ke5 {[%emt 0:00:00]} Nd7+ {[%emt 0:00:05]} 60. Kd5 {[%emt 0:00:00]} Nf6+ {[%emt 0:00:03]} 61. Kc5 {[%emt 0:00:00]} a4 {[%emt 0:00:10]} 62. Rh4 {[%emt 0:00:00]} a3 {[%emt 0:00:05]} 63. Ra4 {[%emt 0:00:00]} Ke6 {[%emt 0:00:09]} 64. Kd4 {[%emt 0:00:00]} a2 {[%emt 0:00:46]} 65. Rxa2 {[%emt 0:00:00]} Kf5 {[%emt 0:00:04]} 66. Ra1 {[%emt 0:00:00]} Ke6 {[%emt 0:00:25]} 67. Ra5 {[%emt 0:00:00]} Nd7 {[%emt 0:00:14]} 68. Rh5 {[%emt 0:00:00]} Nf6 {[%emt 0:00:10]} 69. Re5+ {[%emt 0:00:00]} Kd6 {[%emt 0:00:04]} 1/2-1/2

[Event "10th LCC FIDE Open 2018"]
[Site "London"]
[Date "2018.12.15"]
[Round "8"]
[White "Pert, Nicholas"]
[Black "Gormally, Daniel W"]
[Result "1-0"]
[WhiteElo "2546"]
[BlackElo "2478"]
[Annotator "TA"]
[PlyCount "85"]
[EventDate "2018.12.09"]
[EventType "swiss"]
[EventCountry "ENG"]
[SourceTitle "playchess.com"]
[Source "ChessBase"]
[SourceQuality "1"]

{[%evp 15,85,31,25,14,14,10,30,43,43,14,13,0,0,0,6,3,14,15,15,7,16,11,22,21,43,13,17,12,20,22,28,27,49,0,0,0,28,31,35,10,17,10,41,10,10,10,21,16,41,31,93,93,97,83,81,51,77,34,39,45,108,99,117,121,511,460,720,720,706,691,943,928]} 1. d4 d5 2. c4 e6 3. Nf3 Nf6 4. Nc3 Be7 5. Bf4 O-O 6. e3 c5 7. dxc5 Nc6 8. Qc2 {D37: Queen's Gambit Declined: 5 Bf4} (8. cxd5 exd5 9. a3 Bxc5 10. b4 Bb6 11. Na4 Bc7 12. Bxc7 Qxc7 13. Be2 Bg4 14. O-O a5 15. b5 Bxf3 16. Bxf3 {½-½ (73) Karpov,A (2626)-Ljubojevic,L (2571) Platja d'Aro 2017}) 8... Qa5 {LiveBook: 7 Games} 9. Bd6 Bxd6 10. cxd6 {The position is equal.} dxc4 $146 ({Predecessor:} 10... Rd8 11. Rd1 Rxd6 12. Be2 Rd8 13. O-O Bd7 14. cxd5 Nb4 15. Qb3 Nbxd5 16. Nxd5 Nxd5 17. Rd4 Qc7 18. g3 Rac8 19. Rfd1 Nf6 20. Qc4 Qa5 {½-½ (20) Geissler,W (2314)-Kuehne,R (2298) ICCF email 2009}) 11. Bxc4 Qc5 12. Qe2 Qxd6 13. O-O {[%cal Bh1f1,Bf1d1,Bd1d4][%mdl 32]} (13. Rd1 {with more complications.} Qc5 14. O-O Bd7 15. Bb3 Rfd8 16. Rc1) 13... Ne5 14. Rfd1 Nxf3+ 15. Qxf3 Qb4 16. Qe2 Bd7 17. Rd4 {White wants to play Bxe6!} Qe7 18. Rad1 Bc6 19. Bb5 Rfc8 20. e4 e5 21. R4d2 Bxb5 22. Qxb5 Rc5 23. Qb4 h6 24. Nd5 Nxd5 25. exd5 {[%cal Be4d5,Bd5d6][%mdl 32]} b6 26. d6 Qd7 27. h3 Rac8 28. Qb3 Rc1 29. Qe3 Rxd1+ 30. Rxd1 $11 {[%mdl 4096] Endgame KQR-KQR} f6 31. Qe4 Kh8 32. f4 Re8 (32... exf4 $14 33. Qxf4 Kg8) 33. fxe5 $1 $16 Rxe5 34. Qc4 {Strongly threatening Qc7.} Rc5 35. Qb3 Re5 36. Kh1 Re8 37. Qd5 Re5 {[#]} (37... Kh7 $14) 38. Qc4 $1 {[%cal Rc4c7] aiming for Qc7.} Rc5 {[#]} 39. Qd3 $1 Rc6 $2 {[%mdl 8192]} (39... Kg8 $16 {is a better chance.}) 40. b4 $18 {White is clearly winning.} Rc8 (40... a6 $142 41. b5 axb5 42. Qxb5 Rc7 43. Qxb6 Rc8) 41. Re1 Rd8 42. Re7 {Black must now prevent Qg6.} Qc6 43. d7 {Accuracy: White = 55%, Black = 37%.} 1-0

[Event "10th LCC FIDE Open 2018"]
[Site "London"]
[Date "2018.12.15"]
[Round "8"]
[White "Turner, Matthew J"]
[Black "Ronka, Erik"]
[Result "1-0"]
[WhiteElo "2533"]
[BlackElo "2281"]
[Annotator "TA"]
[PlyCount "109"]
[EventDate "2018.12.09"]
[EventType "swiss"]
[EventCountry "ENG"]
[SourceTitle "playchess.com"]
[Source "ChessBase"]
[SourceQuality "1"]

{[%evp 12,109,25,25,37,41,49,33,60,52,57,44,47,46,49,58,58,60,57,58,61,52,60,60,59,58,68,59,70,72,79,40,47,41,49,35,62,42,62,65,70,53,71,25,25,25,34,34,56,56,64,56,64,58,54,58,68,67,421,294,705,743,725,729,716,706,697,636,636,636,636,636,636,636,636,636,1373,988,29938,6922,6699,5718,29936,5691,29974,29975,29975,29976,29976,29976,29977,29978,29976,29977,29977,29978,29978,29979,29978,29979]} 1. Nf3 d5 2. d4 Nf6 3. Bg5 Ne4 4. Bh4 c5 5. dxc5 Nc6 6. e3 {D03: 1 d4 d5 2 Nf3 Nf6 3 Bg5, including Torre Attack with early ...d5} Qa5+ 7. Nbd2 {LiveBook: 7 Games} Nxd2 $146 ({Predecessor:} 7... Bg4 8. Be2 e6 9. O-O Nxd2 10. Nxd2 Bxe2 11. Qxe2 Qxc5 12. c4 dxc4 13. Rfc1 Be7 14. Rxc4 {½-½ (23) Sokolov,I (2637)-Van Wely,L (2646) Internet 2000}) 8. Qxd2 {White is slightly better.} Qxc5 9. Rd1 {[%cal Ba1d1,Bd1d5,Bd5c5][%mdl 32]} Bf5 10. Qxd5 Qxd5 11. Rxd5 Bxc2 12. Rc5 Be4 13. Nd2 Bg6 $1 14. Bb5 {[#] And now Rxc6 would win.} Rc8 15. Ke2 e6 16. Rc4 a6 17. Bxc6+ $1 Rxc6 18. Rxc6 bxc6 19. Nc4 Be7 20. Bxe7 Kxe7 $14 {[%mdl 4096] Endgame KRB-KRN} 21. Rd1 f6 22. Na5 Rc8 23. b4 Be8 24. Nb3 e5 25. a3 Rb8 26. Rd2 Rb5 27. Kd3 Bf7 $1 {[%cal Rf7b3]} 28. Nc5 a5 29. Kc3 axb4+ 30. axb4 Rb8 31. Rd7+ Ke8 $1 32. Ra7 Rd8 33. Rc7 Ra8 34. Rxc6 {aiming for b5.} Ra2 $2 {[%mdl 8192] [#]} (34... Bd5 $14 35. Rc7 Ra3+ 36. Kc2 Ra2+ 37. Kc3 Ra3+ 38. Kd2 Ra2+ 39. Kd3 Ra3+ 40. Kd2 Ra2+ 41. Kd3 Ra3+ 42. Kc2 Ra2+ 43. Kd3) 35. b5 Rxf2 $2 (35... Bd5) 36. e4 Rf1 37. b6 Rc1+ 38. Kd2 Rb1 39. b7 Ke7 40. Rc8 Kd6 41. b8=Q+ Rxb8 42. Rxb8 Kxc5 $18 {KR-KB} 43. Rb7 Bg6 44. Ke3 f5 45. exf5 Bxf5 46. Rxg7 Kd5 47. g4 {[%cal Bg2g4,Bg4g5][%mdl 32]} Bb1 48. Rb7 {White mates.} Bc2 49. Rb6 Bd1 50. h3 {[%cal Bh2h3,Bh3h4,Bh4h5][%mdl 32]} Bc2 51. h4 Bd1 52. g5 Bh5 53. Rh6 Bg6 54. h5 Bf5 55. Rf6 {Accuracy: White = 77%, Black = 38%.} 1-0

[Event "10th LCC FIDE Open 2018"]
[Site "London"]
[Date "2018.12.15"]
[Round "8"]
[White "Janik, Igor"]
[Black "Richardson, John R"]
[Result "1-0"]
[WhiteElo "2476"]
[BlackElo "2242"]
[Annotator "TA"]
[PlyCount "81"]
[EventDate "2018.12.09"]
[EventType "swiss"]
[EventCountry "ENG"]
[SourceTitle "playchess.com"]
[Source "ChessBase"]
[SourceQuality "1"]

{[%evp 14,81,36,33,115,108,106,100,102,109,110,111,107,104,214,205,263,203,305,62,70,59,88,84,79,79,97,92,81,68,79,75,72,60,71,57,75,69,70,58,62,85,69,69,95,50,85,54,104,96,129,129,135,129,502,502,495,495,495,495,495,353,1549,1444,29972,29973,29953,12850,6091,5787]} 1. e4 c6 2. d4 d5 3. e5 Bf5 4. Nf3 e6 5. Be2 c5 6. Be3 Ne7 7. dxc5 {B12: Caro-Kann: Advance Variation} Nec6 8. c4 {LiveBook: 3 Games} dxc4 (8... Qa5+ $14 9. Bd2 Qxc5) 9. Qxd8+ $16 {White is better.} Kxd8 10. Na3 $146 ({Reject} 10. Bxc4 $6 Nd7 $11) ({Predecessor:} 10. Nc3 Nd7 11. O-O-O Kc8 12. Bxc4 Ndxe5 13. Nxe5 Nxe5 14. Be2 Be7 {1-0 (38) Adams,M (2640)-Brunner,L (2525) Garmisch Partenkirchen 1994}) 10... Nd7 11. Rd1 ({Don't play} 11. Nxc4 Bxc5 12. Bxc5 Nxc5 $14) 11... Bd3 12. Nxc4 Bxc4 13. Bxc4 {Threatens to win with Ng5.} Kc7 {[#]} (13... Be7 $16) 14. Ng5 $1 $18 {[%cal Rg5f7]} Ncxe5 15. Bb5 {And now Bf4 would win.} Nxc5 (15... a6 $142) 16. Bf4 $2 (16. Rc1 $18) 16... Kb6 $1 $14 {White must now prevent ...Ng6.} 17. Bxe5 Kxb5 18. Nxf7 Rg8 19. Ke2 Be7 20. Rd4 Raf8 21. Nd6+ Bxd6 $1 22. Bxd6 Rf5 23. Rc1 {[#] Strongly threatening g4.} b6 24. Bxc5 Re5+ 25. Kf1 bxc5 {[%mdl 4096] Endgame KRR-KRR} 26. Rd7 a5 $1 27. Re1 Rxe1+ 28. Kxe1 $16 {KR-KR} a4 29. Re7 a3 30. bxa3 Ra8 31. Rxg7 Rxa3 32. Rxh7 Rxa2 33. h4 {[%cal Bh2h4,Bh4h5,Bh5h6,Bh6h7][%mdl 32]} Kc4 $2 {[%mdl 8192]} (33... c4 $16 {is more resistant.} 34. h5 c3) 34. h5 $18 Kd3 {[%cal Ra2a1]} 35. Rd7+ Ke4 36. h6 Ra1+ 37. Kd2 Ra2+ $2 (37... Rh1 38. h7 Kf5) 38. Kc3 Rxf2 39. h7 Rf8 40. Rg7 Rh8 41. g4 {Accuracy: White = 69%, Black = 39%.} 1-0

[Event "10th LCC FIDE Open 2018"]
[Site "London"]
[Date "2018.12.15"]
[Round "8"]
[White "Arkell, Keith C"]
[Black "Bates, Richard A"]
[Result "1-0"]
[WhiteElo "2453"]
[BlackElo "2372"]
[Annotator "TA"]
[PlyCount "111"]
[EventDate "2018.12.09"]
[EventType "swiss"]
[EventCountry "ENG"]
[SourceTitle "playchess.com"]
[Source "ChessBase"]
[SourceQuality "1"]

{[%evp 26,111,29,30,47,21,25,-1,8,8,12,10,7,10,25,17,45,18,49,40,75,80,137,136,150,152,146,75,70,75,418,80,78,72,69,18,208,120,125,121,129,118,179,165,132,110,114,101,145,80,185,170,177,170,206,206,214,226,290,310,332,333,337,172,135,11,64,80,5901,5077,5901,5901,5732,5719,29970,29969,29978,29979,29979,29980,29981,29982,29982,29983,29983,29984,29986,29987]} 1. d4 Nf6 2. Nf3 g6 3. c4 Bg7 4. g3 O-O 5. Bg2 d6 6. Nc3 Nbd7 7. O-O e5 8. e4 exd4 9. Nxd4 a6 10. Rb1 Re8 11. h3 Rb8 12. Re1 Nc5 {E68: King's Indian: Fianchetto: 6...Nbd7 7 0-0 e5 8 e4} (12... Ne5 13. Bf1 c5 14. Nc2 b5 15. cxb5 axb5 16. b4 c4 17. Nd4 d5 18. Bg5 dxe4 19. Nxe4 Bb7 20. Bg2 Bxe4 21. Rxe4 {0-1 (48) Vachier Lagrave,M (2768)-Mamedyarov,S (2743) Tromsoe 2014}) 13. b4 Ne6 14. Be3 {LiveBook: 4 Games} h6 {[#] White has an edge.} 15. Nxe6 $146 ({Predecessor:} 15. f4 c6 16. Rb2 Nxd4 17. Bxd4 Be6 18. c5 dxc5 19. bxc5 Qa5 20. e5 {1-0 (50) Tukmakov,V (2565)-Gallagher,J (2470) Zuerich 1994}) 15... Bxe6 16. Qd3 Qd7 17. Kh2 b5 18. cxb5 axb5 19. Rbd1 Bc4 20. Qd2 Kh7 21. Qc2 Re5 22. Ba7 $36 {[%mdl 2048] White fights for an advantage.} Rbe8 23. f4 Rh5 {[#]} (23... R5e7 $142) 24. e5 $1 $16 {[%cal Re5f6][%mdl 512]} Ng4+ (24... dxe5 25. Rxd7) 25. Kg1 $1 c6 26. hxg4 (26. Bd4 $142) 26... Qxa7+ 27. Qf2 Qxf2+ 28. Kxf2 Rh2 {[%cal Rd6e5]} 29. Rxd6 Bf8 30. Red1 ({Better is} 30. Rxc6 $14 Bxb4 31. Rc1) 30... Be6 $2 (30... Bxd6 $11 31. exd6 Be6) 31. Kg1 (31. Rxc6 $18 Bxg4 32. Rh1 Rxh1 33. Bxh1) 31... Bxd6 32. Rxd6 Rxg2+ 33. Kxg2 {[%mdl 4096] Endgame KRB-KRN} Ra8 (33... Rc8 $16) 34. Rxc6 $18 Bxg4 35. Rc5 Ra3 36. Kf2 Be6 37. Ke2 (37. Nxb5 $142 Rxa2+ 38. Kf3) 37... Bxa2 (37... g5 $16) 38. Nxa2 (38. Nxb5 Ra4 $14) 38... Rxa2+ $16 {[#] KR-KR} 39. Kf3 $1 Ra3+ {[#]} 40. Kg4 $1 h5+ 41. Kh4 Re3 42. Rxb5 Kg7 43. Rb7 Re1 44. Kh3 (44. Kg5 $142) 44... g5 $18 45. Rd7 ({Don't do} 45. fxg5 $6 Kg6 $14) (45. b5 $16) 45... Re4 ({Black should try} 45... Re3 $1 $11) 46. b5 $14 {[%cal Bb4b5,Bb5b6,Bb6b7][%mdl 32] Strongly threatening b6.} h4 $2 {[%mdl 8192]} (46... Kg6 $16) 47. b6 $18 Rb4 48. b7 Kg6 49. fxg5 hxg3 50. Kxg3 {White mates.} Kxg5 51. Rxf7 Rb3+ 52. Kf2 Kg6 53. e6 Rb2+ 54. Ke3 Rb6 55. Kd4 Rxe6 56. Rf8 {Accuracy: White = 48%, Black = 28%.} 1-0

[Event "10th LCC FIDE Open 2018"]
[Site "London"]
[Date "2018.12.15"]
[Round "8"]
[White "Akash Pc, Iyer"]
[Black "Lane, Gary W"]
[Result "1-0"]
[WhiteElo "2441"]
[BlackElo "2353"]
[Annotator "TA"]
[PlyCount "91"]
[EventDate "2018.12.09"]
[EventType "swiss"]
[EventCountry "ENG"]
[SourceTitle "playchess.com"]
[Source "ChessBase"]
[SourceQuality "1"]

{[%evp 15,91,27,34,16,8,10,10,14,22,23,22,10,33,29,21,29,35,0,24,0,37,40,68,83,77,65,177,184,181,173,175,179,181,180,179,178,177,191,183,179,197,180,215,200,214,162,171,168,160,162,235,213,204,197,216,207,260,258,247,204,201,171,166,152,207,179,193,193,268,264,277,280,282,283,641,631,1072,1066]} 1. d4 d5 2. c4 dxc4 3. e3 e5 4. Bxc4 exd4 5. exd4 Nf6 6. Nf3 Be7 7. O-O O-O 8. h3 Nbd7 {LiveBook: 39 Games. D20: Queen's Gambit Accepted: 3 e3 and 3 e4} 9. Qc2 $146 ({Predecessor:} 9. Nc3 Nb6 10. Bb3 c6 11. Re1 Nbd5 12. Ne5 Be6 13. Bg5 Re8 14. Na4 h6 15. Bh4 Bb4 16. Rf1 Nf4 17. a3 Qxd4 18. Qxd4 Ne2+ 19. Kh1 Nxd4 20. Bxe6 Rxe6 21. axb4 Rxe5 22. Nb6 Rae8 23. Bxf6 gxf6 24. Nd7 Rf5 25. Rxa7 Re2 26. Rxb7 Rxb2 27. f4 Kg7 {0-1 (27) Tkachiev,V (2642)-Carlsen,M (2801) Moscow 2009}) 9... Nb6 10. Bb3 Nbd5 {The position is equal.} 11. a3 b6 12. Ne5 Bb7 13. Rd1 Qd6 14. Nd2 c5 15. Ndf3 {[%cal Bd2f3,Bf3h4,Bh4f5][%mdl 32]} Rac8 16. Qe2 h6 17. Nh4 cxd4 18. Nf5 Qe6 19. Nxd4 Qd6 20. Ng4 {Hoping for Nf5.} Nxg4 ({Black should try} 20... Qd7 $14) 21. Qxg4 $18 Nf6 {[#]} 22. Qxg7+ $1 {[%mdl 576] Decoy} Kxg7 23. Nf5+ {[%mdl 64] Double Attack, Discovered Attack} Kg6 24. Nxd6 Bxd6 25. Rxd6 Rfd8 26. Rxd8 Rxd8 27. Be3 Be4 28. Rc1 Rd7 29. Ba4 Re7 30. Bc6 Bf5 31. Bf3 Be6 32. Rc6 Kh7 (32... Rd7 $142 33. Rc1 h5) 33. Bd4 Ne8 34. Kh2 Rd7 35. Be5 Bd5 36. Bxd5 Rxd5 {[%mdl 4096] Endgame KRB-KRN} 37. Bf4 h5 38. Kg3 Rb5 39. b4 a5 (39... Rd5 $16 40. f3 Rd3) 40. Bd2 axb4 41. axb4 Ng7 (41... Kg7 $142 42. Kh4 Kg8) 42. Kf3 Ne6 43. Ke4 Kg8 44. f4 Kh7 $2 {[#]} (44... f5+ 45. Kd3 Rd5+ 46. Kc3 Kf7 47. Rxb6 Rd8) 45. g4 hxg4 46. hxg4 {Accuracy: White = 75%, Black = 32%.} 1-0

[Event "10th LCC FIDE Open 2018"]
[Site "London"]
[Date "2018.12.15"]
[Round "8"]
[White "Pert, Richard G"]
[Black "Fischer, Daniel"]
[Result "1-0"]
[WhiteElo "2416"]
[BlackElo "2324"]
[Annotator "TA"]
[PlyCount "41"]
[EventDate "2018.12.09"]
[EventType "swiss"]
[EventCountry "ENG"]
[SourceTitle "playchess.com"]
[Source "ChessBase"]
[SourceQuality "1"]

{[%evp 13,41,8,11,8,13,25,26,23,32,29,92,104,79,97,106,94,228,252,212,233,249,187,175,169,174,175,268,210,481,460]} 1. d4 Nf6 2. Nf3 d5 3. Bf4 e6 4. e3 Bd6 5. Nbd2 O-O 6. Bd3 {D02: 1 d4 d5 2 Nf3 sidelines, including 2...Nf6 3 g3 and 2...Nf6 3 Bf4} c5 7. dxc5 (7. c3 Nc6 8. Bg3 b6 9. e4 Be7 10. e5 Nh5 11. Nf1 cxd4 12. Nxd4 Nxd4 13. cxd4 g6 14. Ne3 f5 15. exf6 Bxf6 16. Be2 Nxg3 17. hxg3 {½-½ (37) Nakamura,H (2787)-Svidler,P (2760) Moscow 2018}) 7... Bxc5 {LiveBook: 3 Games} 8. O-O {The position is equal.} Nbd7 $146 ({Predecessor:} 8... Nc6 9. e4 Be7 10. e5 Nd7 11. Re1 Re8 12. c3 Nf8 13. Bg3 b6 14. Nb3 a5 15. Nbd4 Nxd4 16. Nxd4 Bd7 {1-0 (32) Demchenko,A (2679)-Teuschler,H (2143) Tegernsee 2018}) 9. c4 Nb6 10. Rc1 dxc4 11. Nxc4 Nbd5 (11... Nxc4 $11 12. Rxc4 b6) 12. Bg3 $16 b6 13. a3 $36 {[%mdl 2048] And now b4 would win. Black is under strong pressure.} a5 14. Qc2 Ne7 (14... h6 $16 {keeps fighting.}) 15. Rfd1 $18 Bd7 16. Nfe5 Ra7 17. Bh4 h6 18. Qd2 {Strongly threatening b4.} g5 19. Bg3 a4 (19... Ba4 {might work better.}) 20. Qe2 Qc8 $2 {[#]} (20... Qe8 {was called for.} 21. Qf3 Kg7) 21. Nxb6 $1 {[%mdl 512] Accuracy: White = 77%, Black = 38%.} 1-0

[Event "10th LCC FIDE Open 2018"]
[Site "London"]
[Date "2018.12.15"]
[Round "8"]
[White "Wells, Peter K"]
[Black "Tomaszewski, Kacper"]
[Result "1-0"]
[WhiteElo "2412"]
[BlackElo "2259"]
[Annotator "TA"]
[PlyCount "65"]
[EventDate "2018.12.09"]
[EventType "swiss"]
[EventCountry "ENG"]
[SourceTitle "playchess.com"]
[Source "ChessBase"]
[SourceQuality "1"]

{[%evp 11,65,15,31,7,76,78,118,97,119,71,65,52,54,55,90,95,131,133,156,137,159,173,194,105,110,99,138,144,339,322,295,346,412,397,671,664,713,574,578,547,601,513,942,943,943,929,1108,714,1322,1277,1250,1218,2126,2004,1914,1876]} 1. d4 Nf6 2. c4 g6 3. Nc3 d5 4. Bg5 Ne4 5. Bh4 g5 (5... Nxc3 6. bxc3 dxc4 7. e3 Be6 8. Nf3 Bg7 9. Qb1 Qd5 10. Be2 Bf5 11. Qb4 c5 12. Qb5+ Bd7 13. Qxc4 Bc6 14. Qb3 e6 15. c4 Qd7 16. Ne5 Qc7 17. O-O {½-½ (124) Wei,Y (2743)-Svidler,P (2768) Wijk aan Zee 2018}) 6. Bg3 {D80: Grünfeld: Unusual White 4th moves and 4 Bg5} h5 $1 {LiveBook: 3 Games} 7. Qc2 $146 (7. Nxd5 e6 $17) (7. cxd5 Nxc3 8. bxc3 h4 $15) ({Predecessor:} 7. Nxe4 dxe4 8. h4 e5 9. a3 exd4 10. Be5 Rh6 11. Qxd4 Qxd4 12. Bxd4 g4 13. e3 {0-1 (29) Meskovs,N (2513)-Tomczak,J (2583) Berlin 2018}) 7... e6 (7... Bf5 $11 {remains equal.} 8. Qb3 Nd7 9. Nxd5 (9. Qxb7 Qb8 $14) 9... Rc8) 8. cxd5 $16 {White is better.} Nxg3 9. hxg3 exd5 10. e3 c6 11. Bd3 Be6 12. f4 {[%cal Bf2f4,Bf4f5,Bf5f6][%mdl 32]} g4 13. Nge2 Bd6 14. O-O-O a5 15. f5 Bd7 16. e4 Na6 17. Bxa6 ({Not} 17. exd5 Nb4 $14) (17. a3 $18) 17... Rxa6 18. Rdf1 b5 19. e5 ({Don't do} 19. exd5 $6 b4 $14) 19... Be7 $2 (19... Qg5+ $16 {was called for.} 20. Qd2 Be7) 20. f6 $18 Bf8 21. Nf4 {[%cal Be2f4,Bf4h5,Bh5g7][%mdl 32]} Bh6 22. Nce2 Bg5 $2 (22... c5 23. dxc5 Qc7) 23. Kb1 {White is clearly winning.} Qc8 24. Nxh5 {[#] aiming for Ng7+.} Kd8 25. Ng7 Kc7 26. Qc5 Kb7 (26... Rxh1 $142 27. Rxh1 Bf5+ 28. Nxf5 Qxf5+ 29. Ka1 b4 30. Qd6+ Kb7 31. Qe7+ {[%mdl 64] Double Attack} Kb6) 27. Rxh8 Qxh8 28. Qe7 {[%mdl 64] [#] Double Attack} Kc8 29. e6 Qh7+ 30. Ka1 fxe6 31. Qf8+ Kc7 32. Ne8+ Bxe8 33. Qg7+ {Accuracy: White = 84%, Black = 28%.} 1-0